Multiple Choice City Quiz – Dhaka - Statistics

General Stats
  • This quiz has been taken 68 times
  • The average score is 5 of 10
Answer Stats
Question Answer % Correct
What is the most spoken language in Dhaka? Bengali
93%
The National Martyrs' Memorial commemorates soldiers from which war? Bangladesh Liberation War
79%
What is the most common mode of transportation? Rickshaw
63%
Dhaka is on the delta of what river? Ganges
55%
What material is Dhaka's Jamdani muslin made from? Cotton
50%
Kacchi Biryani is made from what meat? Mutton
48%
What % of the city is water? 10%
45%
Ahsan Manzil, now a museum, has what nickname based on its former purpose? Pink Palace
43%
What is someone from Dhaka called? Dhakaite
39%
What is Dhaka's Bangladesh Premier League team called? Capitals
23%
No matching quizzes found
Score Distribution
Percent of People with Each Score
Percentile by Number Answered
Your Score History
You have not taken this quiz